| 000 | 00659nam a22001937a 4500 | ||
|---|---|---|---|
| 003 | OSt | ||
| 005 | 20131128132401.0 | ||
| 008 | 130605s1994 sp ||||| |||| 00| 0 spa d | ||
| 020 | _a848679224X | ||
| 040 | _cCDMR | ||
| 100 | 1 |
_93686 _aBilbao Aldamizechevarría, Jesús M. |
|
| 245 |
_aEl Diario de Valencia _b: luces y sombras : 1790-1800 _cJesús Mª Bilbao Aldamizechevarría |
||
| 260 |
_aValencia _bFundación Universitaria San Pablo CEU _c1994 |
||
| 300 | _a234 p. | ||
| 500 | _aLecció magistral llegida a l'obertura del curs 1994-95 | ||
| 610 | 2 |
_93685 _aDiario de Valencia _xHistòria |
|
| 650 | 0 | 4 |
_93311 _aPremsa _zComunitat Valenciana |
| 942 |
_2udc _cMON |
||
| 999 |
_c6407 _d6407 |
||